000 00599nam a2200193 a 4500
005 20251205064009.0
008 050221s1984 mx r 000 0 spa d
020 _a9500367149
035 _aUPN01000137553
049 _aCG
050 4 _aLB1067
_bM6.6
100 1 _aMolina de Costallat, Dalila
245 1 0 _aPsicomotricidad la entidad psicomotriz :
_babordaje de su estudio y educación /
_cDalila Molina de Costallat.
260 _aBuenos Aires :
_bLosada,
_c1984.
300 _a270 p.
650 4 _aAprendizaje perceptivo-motor
_9467
650 4 _aNiños
_xCrecimiento
_915181
905 _aLibro
999 _c109704
_d109704